[Event "DEM U16w"]
[Site "Willingen"]
[Date "2006.06.05"]
[Round "4.1"]
[White "Jussupow, Ekaterina"]
[Black "Fuchs, Judith"]
[Result "0-1"]
[WhiteElo "2021"]
[BlackElo "2007"]
[PlyCount "104"]
[EventDate "2006.??.??"]
[EventType "swiss"]
[EventRounds "9"]
[EventCountry "GER"]

1. e4 c6 2. d4 d5 3. exd5 cxd5 4. Bd3 Nc6 5. c3 Qc7 6. Nf3 Bg4 7. h3 Bh5 8. O-O
e6 9. Re1 Nf6 10. Bg5 Be7 11. Nbd2 O-O 12. Qc2 Bg6 13. Rac1 Rac8 14. Bxg6 hxg6
15. Qd3 Rfd8 16. Re3 Nh5 17. Bxe7 Qxe7 18. Rce1 Nf4 19. Qf1 Qf6 20. g3 Nh5 21.
Ne5 Qe7 22. Nd3 Na5 23. Ne5 Nc6 24. Nxg6 fxg6 25. Rxe6 Qf7 26. Nf3 Nf6 27. Ng5
Qd7 28. Qd3 Ne4 29. Qe3 Re8 30. Rxe8+ Rxe8 31. f3 Nd6 32. Qf2 Nf7 33. Nxf7
Rxe1+ 34. Qxe1 Kxf7 35. h4 Qf5 36. Kf2 Na5 37. g4 Qf4 38. Kg2 Nc4 39. Qe2 Qe3
40. Qxe3 Nxe3+ 41. Kg3 Nd1 42. Kf4 Kf6 43. c4 dxc4 44. d5 Nxb2 45. g5+ Ke7 46.
Ke3 Nd3 47. f4 b5 48. f5 gxf5 49. h5 Nb4 50. Kd4 Nxd5 51. a4 bxa4 52. Kxc4 Nf4
0-1

[Event "DEM U16w"]
[Site "Willingen"]
[Date "2006.06.05"]
[Round "4.2"]
[White "Zier, Verena"]
[Black "Mader, Manuela"]
[Result "0-1"]
[WhiteElo "1872"]
[BlackElo "2061"]
[PlyCount "96"]
[EventDate "2006.??.??"]
[EventType "swiss"]
[EventRounds "9"]
[EventCountry "GER"]

1. d4 Nf6 2. c4 g6 3. Nc3 Bg7 4. g3 O-O 5. Bg2 d6 6. Nf3 Nbd7 7. O-O e5 8. e4
a6 9. h3 b5 10. cxb5 axb5 11. Re1 b4 12. Nb1 Bb7 13. d5 Nc5 14. Nbd2 c6 15.
dxc6 Bxc6 16. Nh2 Bb5 17. Bf1 Bxf1 18. Nhxf1 Qd7 19. Kh2 Nd3 20. Re2 d5 21.
exd5 Nxd5 22. Qb3 Qb5 23. a4 Nxc1 24. axb5 Nxb3 25. Rxa8 Rxa8 26. Nxb3 Rb8 27.
Nc5 Rxb5 28. Nd3 f6 29. Nd2 Bf8 30. Nb3 Nb6 31. Rc2 Nd7 32. Rc4 f5 33. Nbc1 Bd6
34. Na2 e4 35. Ndxb4 Ne5 36. Rc8+ Kf7 37. Nc6 Nf3+ 38. Kg2 Rxb2 39. Nd8+ Kf6
40. Nc3 Rd2 41. Nb7 Bb4 42. Rc4 Bxc3 43. Rxc3 Ne1+ 44. Kg1 Nd3 45. Rc6+ Kg5 46.
Rd6 Rb2 47. f4+ Nxf4 48. h4+ Kg4 0-1

[Event "DEM U16w"]
[Site "Willingen"]
[Date "2006.06.05"]
[Round "4.4"]
[White "Kickert, Germaine Helene"]
[Black "Jehle, Anja"]
[Result "0-1"]
[WhiteElo "1913"]
[BlackElo "1834"]
[PlyCount "100"]
[EventDate "2006.??.??"]
[EventType "swiss"]
[EventRounds "9"]
[EventCountry "GER"]

1. e4 c5 2. Nf3 d6 3. d4 cxd4 4. Nxd4 Nf6 5. Nc3 a6 6. f3 e5 7. Nb3 Be6 8. Be3
Qc7 9. Qd2 Nbd7 10. g4 h6 11. O-O-O b5 12. Qf2 Be7 13. Kb1 Bc4 14. h4 Rb8 15.
Nd5 Nxd5 16. exd5 a5 17. Qd2 Bd8 18. Qc3 Rc8 19. Nc1 Qb7 20. Qd2 Bb6 21. Bxb6
Qxb6 22. b3 Bxf1 23. Rhxf1 b4 24. Qe2 O-O 25. g5 h5 26. f4 g6 27. fxe5 Nxe5 28.
Nd3 Ng4 29. Rde1 Rc7 30. Qe4 Kg7 31. Rf4 Rfc8 32. Rc1 Ne3 33. Ne1 Nf5 34. Nd3
Re7 35. Qg2 Ne3 36. Qf3 Qc7 37. Qf2 Kg8 38. Rd4 Qc3 39. Rf4 Nxd5 40. Rd4 Qc6
41. Rc4 Nc3+ 42. Kb2 Qd7 43. Rxc8+ Qxc8 44. Qb6 Ne4 45. a3 bxa3+ 46. Kxa3 a4
47. bxa4 Nd2 48. Qb4 Nc4+ 49. Ka2 Rb7 50. Qc3 Qc6 0-1

[Event "DEM U16w"]
[Site "Willingen"]
[Date "2006.06.05"]
[Round "4.5"]
[White "Erben, Larissa"]
[Black "Zemella, Jennifer"]
[Result "1-0"]
[WhiteElo "1868"]
[BlackElo "1755"]
[PlyCount "79"]
[EventDate "2006.??.??"]
[EventType "swiss"]
[EventRounds "9"]
[EventCountry "GER"]

1. e4 e5 2. Nf3 d6 3. d4 exd4 4. Nxd4 Nf6 5. Nc3 Be7 6. Bf4 O-O 7. Qd2 d5 8.
Ndb5 c6 9. Nc7 d4 10. O-O-O Nh5 11. Be5 Bg5 12. f4 Nxf4 13. Bxf4 Qxc7 14. Bxg5
dxc3 15. Qxc3 Be6 16. Bc4 Bxc4 17. Qxc4 Nd7 18. Rhf1 Ne5 19. Qb3 Ng6 20. Rd2
Qe5 21. Be3 b6 22. Qc4 Rac8 23. Rd7 b5 24. Qb3 Rc7 25. Rfxf7 Rxd7 26. Rxd7+ Kh8
27. Bd4 Qg5+ 28. Qe3 Qxe3+ 29. Bxe3 Ne5 30. Rxa7 Nc4 31. Bf2 h6 32. Be1 Rf4 33.
b3 Ne3 34. Bc3 Rf1+ 35. Kd2 Nxg2 36. Rxg7 Rf2+ 37. Kc1 Rf1+ 38. Kb2 b4 39. Be5
Ne3 40. Rg3+ 1-0

[Event "DEM U16w"]
[Site "Willingen"]
[Date "2006.06.05"]
[Round "4.6"]
[White "Hannes, Diana"]
[Black "Reh, Rebecca"]
[Result "1/2-1/2"]
[WhiteElo "1958"]
[BlackElo "1709"]
[PlyCount "61"]
[EventDate "2006.??.??"]
[EventType "swiss"]
[EventRounds "9"]
[EventCountry "GER"]

1. e4 c5 2. Nf3 Nc6 3. d4 cxd4 4. Nxd4 Nf6 5. Nc3 d6 6. f3 e5 7. Nb3 Be7 8. Be3
a6 9. Qd2 b5 10. a4 bxa4 11. Rxa4 O-O 12. Bc4 Bb7 13. O-O a5 14. Rfa1 Qc8 15.
Bd5 Bd8 16. R4a3 Qb8 17. Na4 Nb4 18. Bxb7 Qxb7 19. Nc3 Nc6 20. Ra4 Bb6 21. Bxb6
Qxb6+ 22. Kh1 Rfd8 23. Nd5 Nxd5 24. exd5 Ne7 25. Rxa5 Rxa5 26. Qxa5 Qb8 27. c4
Rc8 28. Qa4 Nf5 29. Ra2 Ne3 30. Nd2 Nxd5 31. h3 1/2-1/2

[Event "DEM U16w"]
[Site "Willingen"]
[Date "2006.06.05"]
[Round "4.7"]
[White "Billing, Tanja"]
[Black "Hoffmann, Lena"]
[Result "1/2-1/2"]
[WhiteElo "1644"]
[BlackElo "1910"]
[PlyCount "96"]
[EventDate "2006.??.??"]
[EventType "swiss"]
[EventRounds "9"]
[EventCountry "GER"]

1. c4 e6 2. d4 d5 3. e3 Nf6 4. Nf3 Be7 5. Nc3 O-O 6. Bd3 dxc4 7. Bxc4 Nbd7 8.
O-O a6 9. a3 b5 10. Ba2 Nb6 11. b4 Bb7 12. Qd3 Nbd5 13. Bb2 Nxc3 14. Bxc3 Be4
15. Qe2 Nd5 16. Bb2 Nb6 17. Ne5 Bd5 18. Bxd5 Qxd5 19. Rac1 Rac8 20. Qc2 Bd6 21.
e4 Qa8 22. Qc6 Bxe5 23. dxe5 Nc4 24. Qxa8 Rxa8 25. Ba1 Rfd8 26. a4 Rd3 27. a5
Rad8 28. Bc3 R8d7 29. f3 Kf8 30. Rfe1 Ke7 31. Kf2 f6 32. exf6+ gxf6 33. Ke2 e5
34. Kf2 Ke6 35. Ke2 Nd2 36. Kf2 Nb3 37. Rc2 Nd4 38. Rcc1 Nb3 39. Rc2 Nd2 40.
Ke2 Nc4 41. Kf2 Kd6 42. Ke2 Re3+ 43. Kf2 Rxe1 44. Bxe1 c5 45. Rc1 Kc6 46. Ke2
Rg7 47. Kf2 Rd7 48. Ke2 Rg7 1/2-1/2

[Event "DEM U16w"]
[Site "Willingen"]
[Date "2006.06.05"]
[Round "4.8"]
[White "Remy, Janina"]
[Black "Thiele, Andra"]
[Result "1-0"]
[WhiteElo "1887"]
[BlackElo "1578"]
[PlyCount "112"]
[EventDate "2006.??.??"]
[EventType "swiss"]
[EventRounds "9"]
[EventCountry "GER"]

1. c4 e5 2. g3 Nf6 3. Bg2 d5 4. cxd5 Nxd5 5. Nf3 Nc6 6. O-O Be6 7. d3 Qd7 8.
Ng5 Bg4 9. h3 Bh5 10. Nc3 Nb6 11. Be3 f6 12. Nge4 Nd4 13. Re1 O-O-O 14. Nd2 Bf7
15. Nb3 Bb4 16. Bd2 h5 17. Nxd4 exd4 18. Ne4 Bxd2 19. Qxd2 Qf5 20. Rec1 Kb8 21.
a4 h4 22. g4 Qe5 23. f4 Qe7 24. a5 Nd5 25. Rc5 Be8 26. Rac1 a6 27. Nf2 Nc3 28.
R1xc3 dxc3 29. Qxc3 Rc8 30. Ne4 Bb5 31. Qb4 c6 32. Rxb5 Qxb4 33. Rxb4 Ka7 34.
Nc5 Rc7 35. Kf2 Re8 36. d4 Rce7 37. e4 Rb8 38. Na4 Rd8 39. Nb6 Rc7 40. Rc4 g5
41. f5 Re7 42. Ke3 Ree8 43. Bf3 Rd6 44. Na4 Rdd8 45. Rc5 Re7 46. Nb6 Kb8 47. e5
Rde8 48. e6 Rf8 49. b4 Ka7 50. Nd7 Rff7 51. Nb6 Re8 52. Kd3 Rc7 53. d5 Rd8 54.
Kc3 Kb8 55. Nd7+ Kc8 56. Nxf6 Rf8 1-0

[Event "DEM U16w"]
[Site "Willingen"]
[Date "2006.06.05"]
[Round "4.9"]
[White "Reh, Theresa"]
[Black "Voss, Janine"]
[Result "0-1"]
[WhiteElo "1840"]
[BlackElo "1628"]
[PlyCount "62"]
[EventDate "2006.??.??"]
[EventType "swiss"]
[EventRounds "9"]
[EventCountry "GER"]

1. e4 c5 2. Nf3 d6 3. d4 cxd4 4. Nxd4 Nf6 5. Nc3 g6 6. Be3 Bg7 7. f3 Nc6 8. Bc4
Bd7 9. Qd2 O-O 10. O-O-O Qa5 11. Kb1 Rfc8 12. Bb3 Ne5 13. h4 Nc4 14. Bxc4 Rxc4
15. g4 Rac8 16. Nb3 Qc7 17. h5 b5 18. Rc1 b4 19. Nd5 Nxd5 20. exd5 f5 21. hxg6
hxg6 22. Bh6 Bh8 23. Rhe1 Kf7 24. Bg5 e5 25. dxe6+ Bxe6 26. gxf5 Bxf5 27. Re7+
Qxe7 28. Bxe7 Rxc2 29. Rxc2 Rxc2 30. Qd5+ Kxe7 31. Qb7+ Rc7+ 0-1

[Event "DEM U16w"]
[Site "Willingen"]
[Date "2006.06.05"]
[Round "4.10"]
[White "Karmann, Anna"]
[Black "Benzen, Marthe"]
[Result "1-0"]
[WhiteElo "1709"]
[BlackElo "1573"]
[PlyCount "59"]
[EventDate "2006.??.??"]
[EventType "swiss"]
[EventRounds "9"]
[EventCountry "GER"]

1. c4 Nf6 2. Nc3 g6 3. g3 Bg7 4. Bg2 O-O 5. e3 e5 6. Nge2 Nc6 7. d4 d6 8. O-O
Bd7 9. d5 Ne7 10. Rb1 Qc8 11. b4 Bh3 12. e4 Bxg2 13. Kxg2 Nh5 14. f3 f5 15. Bg5
Qd7 16. Qa4 Qxa4 17. Nxa4 Nf6 18. Nac3 h6 19. Be3 Nh5 20. Nb5 f4 21. Bg1 fxg3
22. hxg3 Rfc8 23. Nxa7 Rd8 24. Nc3 c6 25. dxc6 bxc6 26. b5 c5 27. b6 Rd7 28.
Rfd1 Bf8 29. a4 Rb8 30. Bxc5 1-0

[Event "DEM U16w"]
[Site "Willingen"]
[Date "2006.06.05"]
[Round "4.11"]
[White "Ludwig, Lisa"]
[Black "Dobrusina, Anna"]
[Result "1/2-1/2"]
[WhiteElo "1421"]
[BlackElo "1564"]
[PlyCount "77"]
[EventDate "2006.??.??"]
[EventType "swiss"]
[EventRounds "9"]
[EventCountry "GER"]

1. Nc3 g6 2. d4 Nf6 3. e4 d6 4. Bf4 Bg7 5. Qd2 O-O 6. O-O-O Nbd7 7. Bh6 b6 8.
Bxg7 Kxg7 9. f4 Bb7 10. e5 Ne4 11. Nxe4 Bxe4 12. Qe3 f5 13. Nf3 h6 14. Rg1 c5
15. d5 dxe5 16. fxe5 Qc7 17. d6 exd6 18. exd6 Qc6 19. Qc3+ Rf6 20. Ne5 Nxe5 21.
Qxe5 Re8 22. d7 Rxe5 23. d8=Q Rd5 24. Rxd5 Qxd5 25. Qc7+ Rf7 26. Qg3 Qxa2 27.
Qe5+ Kh7 28. Kd2 Rd7+ 29. Ke3 Qa5 30. c3 Qa1 31. Kf2 Qxb2+ 32. Be2 a5 33. Rd1
Rg7 34. Qe6 Qxc3 35. Rd8 Qc1 36. g3 Qh1 37. Qe8 Qxh2+ 38. Ke1 Qxg3+ 39. Kd2
1/2-1/2

[Event "DEM U16w"]
[Site "Willingen"]
[Date "2006.06.05"]
[Round "4.12"]
[White "van Orsouw, Svenja"]
[Black "Öz, Edda"]
[Result "0-1"]
[WhiteElo "1596"]
[BlackElo "1248"]
[PlyCount "110"]
[EventDate "2006.??.??"]
[EventType "swiss"]
[EventRounds "9"]
[EventCountry "GER"]

1. e4 e5 2. Nc3 Nf6 3. f4 d5 4. fxe5 Nxe4 5. Nf3 Nc6 6. Bb5 Bf5 7. Qe2 a6 8.
Bxc6+ bxc6 9. O-O Be7 10. Nd4 Bc5 11. Rxf5 Bxd4+ 12. Kh1 Nc5 13. Qg4 Ne6 14. d3
g6 15. Rf6 O-O 16. Bh6 Re8 17. Rxe6 Rxe6 18. Qxd4 Qe7 19. h3 Rxe5 20. Bf4 Re6
21. Kh2 Rb8 22. b3 Rb4 23. Qf2 Qf6 24. Bg3 Qxc3 25. Rf1 f5 26. Bxc7 Rb7 27. Bf4
Rbe7 28. Rc1 Qb2 29. a4 Re2 30. Qc5 Qf6 31. Qb6 g5 32. Qd8+ Kf7 33. Bd6 R7e6
34. Qf8+ Kg6 35. Qg8+ Qg7 36. Qb8 Qd7 37. Qg8+ Qg7 38. Qb8 g4 39. Bf4 gxh3 40.
Kxh3 Rf2 41. Qc8 Kf7 42. Qd7+ Kf6 43. Qd8+ Kg6 44. Qg5+ Kf7 45. Qxf5+ Rf6 46.
Qd7+ Kg8 47. Qe8+ Qf8 48. Qxf8+ Rxf8 49. Bg3 Rf1 50. Rxf1 Rxf1 51. Be5 Kf7 52.
c4 dxc4 53. bxc4 Re1 54. d4 Ke6 55. Bg3 Ra1 0-1

[Event "DEM U16w"]
[Site "Willingen"]
[Date "2006.06.05"]
[Round "4.13"]
[White "Nekrassova, Ekatherina"]
[Black "Dittrich, Jaqueline"]
[Result "1/2-1/2"]
[WhiteElo "1502"]
[BlackElo "1589"]
[PlyCount "24"]
[EventDate "2006.??.??"]
[EventType "swiss"]
[EventRounds "9"]
[EventCountry "GER"]

1. e4 e6 2. d4 d5 3. exd5 exd5 4. Bd3 Bd6 5. Ne2 Ne7 6. Bf4 Nbc6 7. c3 Be6 8.
Nd2 Ng6 9. Bxd6 Qxd6 10. Nf3 O-O-O 11. Ng5 Rde8 12. Qd2 h6 1/2-1/2

[Event "DEM U16w"]
[Site "Willingen"]
[Date "2006.06.05"]
[Round "4.14"]
[White "Hingst, Silke"]
[Black "Dauer, Carolin"]
[Result "1/2-1/2"]
[WhiteElo "1407"]
[BlackElo "1572"]
[PlyCount "50"]
[EventDate "2006.??.??"]
[EventType "swiss"]
[EventRounds "9"]
[EventCountry "GER"]

1. e4 c6 2. d4 d5 3. exd5 cxd5 4. c4 Nf6 5. Nc3 e6 6. Nf3 Nc6 7. Bf4 a6 8. Be2
dxc4 9. Bxc4 b5 10. Bb3 Bb4 11. O-O Na5 12. Bc2 Nc4 13. Qe2 O-O 14. Bg5 Be7 15.
b3 Nb6 16. Qd3 g6 17. Ne5 Bb7 18. Rad1 Nfd7 19. Bh6 Nxe5 20. dxe5 Qxd3 21. Bxd3
Rfd8 22. Be4 Bxe4 23. Nxe4 Nd7 24. f4 f5 25. exf6 Nxf6 1/2-1/2

[Event "DEM U16w"]
[Site "Willingen"]
[Date "2006.06.06"]
[Round "5.1"]
[White "Fuchs, Judith"]
[Black "Mader, Manuela"]
[Result "1/2-1/2"]
[WhiteElo "2007"]
[BlackElo "2061"]
[PlyCount "56"]
[EventDate "2006.??.??"]
[EventType "swiss"]
[EventRounds "9"]
[EventCountry "GER"]

1. e4 c5 2. Nf3 e6 3. d4 cxd4 4. Nxd4 Nf6 5. Nc3 Nc6 6. Bg5 Bb4 7. Nxc6 bxc6 8.
Bd3 h6 9. Bd2 e5 10. O-O O-O 11. f4 exf4 12. Bxf4 d6 13. Kh1 Bg4 14. Qe1 d5 15.
exd5 cxd5 16. Qg3 Be6 17. Bxh6 Nh5 18. Qg5 Qxg5 19. Bxg5 Bxc3 20. bxc3 Rfc8 21.
Be2 g6 22. Bxh5 gxh5 23. Bf6 Rab8 24. Rab1 Bf5 25. Bd4 Bxc2 26. Rxb8 Rxb8 27.
Bxa7 Rb2 28. Bg1 Rxa2 1/2-1/2

[Event "DEM U16w"]
[Site "Willingen"]
[Date "2006.06.06"]
[Round "5.2"]
[White "Jehle, Anja"]
[Black "Erben, Larissa"]
[Result "1/2-1/2"]
[WhiteElo "1834"]
[BlackElo "1868"]
[PlyCount "34"]
[EventDate "2006.??.??"]
[EventType "swiss"]
[EventRounds "9"]
[EventCountry "GER"]

1. d4 d5 2. c4 e6 3. Nc3 c6 4. cxd5 exd5 5. Qc2 Bd6 6. h3 Ne7 7. Bd2 Bf5 8. e4
dxe4 9. Nxe4 Bc7 10. Nf3 O-O 11. Bd3 Bg6 12. O-O Nd7 13. Rfe1 Nd5 14. Nc5 Bxd3
15. Qxd3 Nxc5 16. dxc5 Nf4 17. Qxd8 Rfxd8 1/2-1/2

[Event "DEM U16w"]
[Site "Willingen"]
[Date "2006.06.06"]
[Round "5.3"]
[White "Remy, Janina"]
[Black "Zikeli, Saskia"]
[Result "1/2-1/2"]
[WhiteElo "1887"]
[BlackElo "1985"]
[PlyCount "54"]
[EventDate "2006.??.??"]
[EventType "swiss"]
[EventRounds "9"]
[EventCountry "GER"]

1. c4 Nf6 2. g3 g6 3. Bg2 Bg7 4. Nc3 O-O 5. Nf3 d6 6. O-O e5 7. d3 Nc6 8. Rb1
a5 9. a3 h6 10. b4 axb4 11. axb4 Be6 12. h3 Qd7 13. Kh2 Nh5 14. Nd2 Rab8 15.
Ba3 f5 16. b5 Ne7 17. Nd5 g5 18. Nxe7+ Qxe7 19. e4 Nf6 20. exf5 Bxf5 21. Ne4
Nxe4 22. Bxe4 Bxe4 23. dxe4 Ra8 24. Ra1 Qf7 25. Qb3 b6 26. Kg2 Kh7 27. f3 Ra5
1/2-1/2

[Event "DEM U16w"]
[Site "Willingen"]
[Date "2006.06.06"]
[Round "5.4"]
[White "Karmann, Anna"]
[Black "Jussupow, Ekaterina"]
[Result "1/2-1/2"]
[WhiteElo "1709"]
[BlackElo "2021"]
[PlyCount "51"]
[EventDate "2006.??.??"]
[EventType "swiss"]
[EventRounds "9"]
[EventCountry "GER"]

1. c4 e6 2. g3 d5 3. Bg2 Nf6 4. Nf3 dxc4 5. Qc2 Nbd7 6. a4 c5 7. Na3 b6 8. Nxc4
Bb7 9. O-O Be7 10. b3 O-O 11. Bb2 Nd5 12. d4 Rc8 13. Rfd1 Qc7 14. Rac1 Rfd8 15.
e3 N7f6 16. dxc5 Bxc5 17. Nd4 a6 18. Qe2 Qe7 19. e4 Nb4 20. Bc3 Nc6 21. Nxc6
Bxc6 22. Rxd8+ Rxd8 23. Bxf6 Qxf6 24. Nxb6 Qd4 25. Nc4 e5 26. Ne3 1/2-1/2

[Event "DEM U16w"]
[Site "Willingen"]
[Date "2006.06.06"]
[Round "5.5"]
[White "Voss, Janine"]
[Black "Zier, Verena"]
[Result "1/2-1/2"]
[WhiteElo "1628"]
[BlackElo "1872"]
[PlyCount "67"]
[EventDate "2006.??.??"]
[EventType "swiss"]
[EventRounds "9"]
[EventCountry "GER"]

1. e4 e6 2. d4 d5 3. Nc3 Nf6 4. e5 Nfd7 5. f4 c5 6. Nf3 Nc6 7. Be3 cxd4 8. Nxd4
Qb6 9. Na4 Qa5+ 10. c3 Nxd4 11. Bxd4 b5 12. b4 Qxa4 13. Qxa4 bxa4 14. Bb5 Be7
15. Bc6 Rb8 16. Bxa7 Bxb4 17. cxb4 Rxb4 18. O-O Ba6 19. Rfb1 Rxb1+ 20. Rxb1 Ke7
21. Bxa4 Rc8 22. Bxd7 Kxd7 23. Bb8 Rc4 24. g3 d4 25. Rd1 Ra4 26. a3 d3 27. Bd6
Rc4 28. Rd2 Rc2 29. Bb4 Kc6 30. Kf2 Kd5 31. Ke3 Rxd2 32. Bxd2 f6 33. exf6 gxf6
34. a4 1/2-1/2

[Event "DEM U16w"]
[Site "Willingen"]
[Date "2006.06.06"]
[Round "5.6"]
[White "Hoffmann, Lena"]
[Black "Hannes, Diana"]
[Result "0-1"]
[WhiteElo "1910"]
[BlackElo "1958"]
[PlyCount "106"]
[EventDate "2006.??.??"]
[EventType "swiss"]
[EventRounds "9"]
[EventCountry "GER"]

1. Nc3 c5 2. e4 Nc6 3. g3 g6 4. Bg2 Bg7 5. f4 d6 6. Nf3 e6 7. O-O Nge7 8. d3
O-O 9. Be3 Rb8 10. Qd2 Nd4 11. Ne1 b5 12. Nd1 b4 13. c3 bxc3 14. bxc3 Qa5 15.
Rc1 Ndc6 16. Qf2 Bb7 17. g4 f5 18. gxf5 gxf5 19. e5 Nd5 20. Bxd5 exd5 21. d4
Ba6 22. Qg2 cxd4 23. cxd4 Bxf1 24. Kxf1 dxe5 25. dxe5 Rbc8 26. Rc5 Qa6+ 27. Kg1
Ne7 28. Qg5 Qg6 29. Qxg6 hxg6 30. Ra5 d4 31. Bd2 Nc6 32. Ra6 Bh6 33. Nf3 Rfd8
34. h4 Rd5 35. Kf2 Rb5 36. Ke2 Rb6 37. Ra4 Rd8 38. Nf2 Bf8 39. Nd3 Be7 40. Rc4
Rd5 41. Ra4 a5 42. Nc1 Bb4 43. a3 Bxd2 44. Nxd2 Nd8 45. Ncb3 Ne6 46. Kf3 Rbb5
47. Rc4 Kf7 48. Rc2 a4 49. Nc1 d3 50. Rc3 Rbc5 51. Rxd3 Nd4+ 52. Ke3 Rxc1 53.
Rxd4 Rc3+ 0-1

[Event "DEM U16w"]
[Site "Willingen"]
[Date "2006.06.06"]
[Round "5.7"]
[White "Reh, Rebecca"]
[Black "Kickert, Germaine Helene"]
[Result "0-1"]
[WhiteElo "1709"]
[BlackElo "1913"]
[PlyCount "50"]
[EventDate "2006.??.??"]
[EventType "swiss"]
[EventRounds "9"]
[EventCountry "GER"]

1. e4 c5 2. Nf3 Nc6 3. d4 cxd4 4. Nxd4 g6 5. Nc3 Bg7 6. Be3 Nf6 7. h3 O-O 8.
Bc4 Nxe4 9. Nxe4 d5 10. Nxc6 bxc6 11. Nd2 dxc4 12. Nxc4 Qd5 13. Qxd5 cxd5 14.
Nd2 Bxb2 15. Rb1 Bf6 16. O-O Bf5 17. Rbc1 Rfc8 18. c4 dxc4 19. Rxc4 Rxc4 20.
Nxc4 Be6 21. Nd2 Bxa2 22. Ne4 Be5 23. f4 Bg7 24. Rd1 a5 25. Bd4 Rd8 0-1

[Event "DEM U16w"]
[Site "Willingen"]
[Date "2006.06.06"]
[Round "5.8"]
[White "Vollak, Marleen"]
[Black "Billing, Tanja"]
[Result "1-0"]
[WhiteElo "1866"]
[BlackElo "1644"]
[PlyCount "49"]
[EventDate "2006.??.??"]
[EventType "swiss"]
[EventRounds "9"]
[EventCountry "GER"]

1. e4 c5 2. Nf3 d6 3. d4 cxd4 4. Nxd4 Nf6 5. Nc3 e6 6. Be3 Be7 7. Be2 O-O 8.
O-O Nbd7 9. f4 Nc5 10. Bf3 e5 11. Nb3 Nxb3 12. axb3 b6 13. Qe1 Bb7 14. Rd1 Qc7
15. Qg3 Rfd8 16. Rd2 Bc6 17. f5 Bf8 18. Bg5 Be7 19. h4 Rd7 20. h5 Qd8 21. Be3
d5 22. exd5 Bxd5 23. Bh6 Bf8 24. Nxd5 Nxd5 25. Rfd1 1-0

[Event "DEM U16w"]
[Site "Willingen"]
[Date "2006.06.06"]
[Round "5.9"]
[White "Zemella, Jennifer"]
[Black "Reh, Theresa"]
[Result "0-1"]
[WhiteElo "1755"]
[BlackElo "1840"]
[PlyCount "130"]
[EventDate "2006.??.??"]
[EventType "swiss"]
[EventRounds "9"]
[EventCountry "GER"]

1. e4 c5 2. d4 cxd4 3. c3 Nf6 4. e5 Nd5 5. Nf3 Nc6 6. Bc4 Nb6 7. Bb3 d6 8. exd6
Qxd6 9. O-O Bf5 10. Nxd4 Nxd4 11. cxd4 e6 12. Nc3 Be7 13. Qf3 O-O 14. Qxb7 Rfb8
15. Qf3 Qxd4 16. Be3 Qb4 17. Bxb6 Qxb6 18. Nd5 Qb7 19. Nxe7+ Qxe7 20. Rfd1 Rd8
21. Re1 Qb4 22. Rad1 h6 23. h3 a5 24. Rxd8+ Rxd8 25. Rd1 Rc8 26. Qe2 Rb8 27.
Bc2 Bxc2 28. Qxc2 g6 29. b3 Ra8 30. Qc6 Rb8 31. Qc7 Rf8 32. Rc1 Qd2 33. Qc2 Qb4
34. Qc3 Qb6 35. Qc5 Qa6 36. Rc4 Rd8 37. Qc6 Qa7 38. Qf3 Qd7 39. Ra4 Qd2 40. Qe3
Qd1+ 41. Kh2 Qh5 42. g4 Qb5 43. Qxh6 Qf1 44. Qf4 Rd3 45. Qg3 Rxg3 46. Kxg3 Qb5
47. Kg2 Qd5+ 48. Kg3 Kg7 49. f3 f5 50. f4 fxg4 51. hxg4 g5 52. fxg5 Qxg5 53.
Kf3 Qd5+ 54. Ke3 e5 55. Rc4 Kg6 56. Ra4 Kg5 57. Rc4 Kf6 58. Ra4 Qd1 59. Rc4
Qe1+ 60. Kf3 Ke6 61. Re4 Qf1+ 62. Ke3 Kd5 63. Ra4 Qe1+ 64. Kf3 e4+ 65. Kf4 Qd2+
0-1

[Event "DEM U16w"]
[Site "Willingen"]
[Date "2006.06.06"]
[Round "5.10"]
[White "Thiele, Andra"]
[Black "Dobrusina, Anna"]
[Result "1-0"]
[WhiteElo "1578"]
[BlackElo "1564"]
[PlyCount "120"]
[EventDate "2006.??.??"]
[EventType "swiss"]
[EventRounds "9"]
[EventCountry "GER"]

1. d4 Nf6 2. c4 g6 3. Nc3 Bg7 4. e4 d6 5. f3 O-O 6. Be3 e5 7. d5 Nbd7 8. Qd2
Ne8 9. Nge2 f5 10. O-O-O Nb6 11. Ng1 f4 12. Bf2 g5 13. h4 g4 14. fxg4 Bxg4 15.
Be2 Qd7 16. Kb1 Nf6 17. Rf1 Nh5 18. Qd3 Ng3 19. Bxg3 fxg3 20. Nf3 h6 21. Nd2
Na4 22. Nxa4 Bxe2 23. Qxe2 Qxa4 24. Rf3 Rxf3 25. Qxf3 Qb4 26. Rd1 b5 27. cxb5
Qxb5 28. Qxg3 Rf8 29. Qe3 Rf4 30. g3 Rg4 31. Rf1 a5 32. Qf3 Qd7 33. Nc4 a4 34.
Ne3 Rg6 35. Nf5 Rf6 36. Rc1 Rf8 37. Qg4 Kh8 38. Qxg7+ Qxg7 39. Nxg7 Kxg7 40.
Rxc7+ Kg6 41. Rc6 Rf6 42. b4 axb3 43. axb3 Kh5 44. b4 Rf7 45. b5 Rb7 46. b6 Rd7
47. Rc7 Rd8 48. b7 Rb8 49. Kc2 Kg4 50. Rg7+ Kf3 51. Kd3 h5 52. Kc4 Kxe4 53. Rf7
Ke3 54. Kb5 Kd2 55. Kc6 e4 56. Kc7 Rxb7+ 57. Kxb7 e3 58. Re7 e2 59. Kc6 e1=Q
60. Rxe1 Kxe1 1-0

[Event "DEM U16w"]
[Site "Willingen"]
[Date "2006.06.06"]
[Round "5.11"]
[White "Benzen, Marthe"]
[Black "Ludwig, Lisa"]
[Result "1-0"]
[WhiteElo "1573"]
[BlackElo "1421"]
[PlyCount "53"]
[EventDate "2006.??.??"]
[EventType "swiss"]
[EventRounds "9"]
[EventCountry "GER"]

1. e4 e6 2. d4 d5 3. Nd2 Nf6 4. e5 Nfd7 5. c3 c5 6. f4 Nc6 7. Ndf3 Qb6 8. a3
Be7 9. b4 c4 10. Ne2 a6 11. g3 Qc7 12. Bg2 b5 13. O-O O-O 14. Qc2 h6 15. h3 Nb6
16. Nh2 Bd7 17. g4 Na4 18. f5 f6 19. fxe6 Bxe6 20. Bxh6 fxe5 21. Qg6 Bd6 22.
Bxg7 Qxg7 23. Qxe6+ Kh7 24. Qxd6 Ne7 25. dxe5 Rad8 26. Qe6 Rfe8 27. Rf7 1-0

[Event "DEM U16w"]
[Site "Willingen"]
[Date "2006.06.06"]
[Round "5.12"]
[White "Öz, Edda"]
[Black "Dittrich, Jaqueline"]
[Result "0-1"]
[WhiteElo "1248"]
[BlackElo "1589"]
[PlyCount "66"]
[EventDate "2006.??.??"]
[EventType "swiss"]
[EventRounds "9"]
[EventCountry "GER"]

1. e4 e6 2. Nc3 Bb4 3. Nf3 Nf6 4. e5 Bxc3 5. bxc3 Nd5 6. Bc4 Nb6 7. Bb3 Nc6 8.
d4 d6 9. Bf4 d5 10. O-O O-O 11. Qe2 Bd7 12. Rad1 Ne7 13. c4 dxc4 14. Bxc4 Nxc4
15. Qxc4 Bc6 16. Qe2 Nd5 17. Bd2 Qd7 18. Rfe1 Rfd8 19. c4 Nb6 20. Bg5 Re8 21.
c5 Nd5 22. Rc1 Nb4 23. a3 Bb5 24. Qd2 Nd3 25. a4 Nxe1 26. axb5 Nxf3+ 27. gxf3
Qxb5 28. Rc2 Qc6 29. Qf4 a5 30. Qg3 Kh8 31. Bd2 Qa4 32. Rb2 Qxd4 33. Ra2 Qxc5
0-1

[Event "DEM U16w"]
[Site "Willingen"]
[Date "2006.06.06"]
[Round "5.13"]
[White "Hingst, Silke"]
[Black "Nekrassova, Ekatherina"]
[Result "1/2-1/2"]
[WhiteElo "1407"]
[BlackElo "1502"]
[PlyCount "108"]
[EventDate "2006.??.??"]
[EventType "swiss"]
[EventRounds "9"]
[EventCountry "GER"]

1. e4 c6 2. d4 d5 3. exd5 cxd5 4. Bd3 Nc6 5. Nf3 g6 6. Bf4 Bg7 7. c3 Nh6 8. O-O
O-O 9. Nbd2 f6 10. Re1 Nf7 11. c4 e5 12. dxe5 fxe5 13. cxd5 Nb4 14. Bxe5 Nxd3
15. Bxg7 Nxe1 16. Bxf8 Nxf3+ 17. Qxf3 Kxf8 18. Nc4 Bf5 19. g4 Qg5 20. Ne3 Ne5
21. Qg3 Bxg4 22. f4 Nf3+ 23. Kf2 Qf6 24. Qxg4 Qxb2+ 25. Kxf3 Qxa1 26. Qe6 Re8
27. Qd6+ Kf7 28. Ng4 Qc3+ 29. Kf2 Qd4+ 30. Kg3 Qc3+ 31. Kh4 Qe1+ 32. Kh3 Qe7
33. Ne5+ Kg7 34. Qxe7+ Rxe7 35. d6 Re8 36. d7 Rd8 37. Kg4 Kf6 38. h4 b5 39. Kf3
Kf5 40. Ke3 a5 41. Kd4 Kxf4 42. Kd5 b4 43. Kd6 Kf5 44. Nc6 Rxd7+ 45. Kxd7 h5
46. Nxa5 g5 47. hxg5 h4 48. Nc4 h3 49. Ne3+ Kxg5 50. Nf1 Kf4 51. Kc6 Kf3 52.
Kb5 b3 53. axb3 Kg2 54. Ne3+ Kf3 1/2-1/2